Slnečný energetický bivalentný systém s celoročným využitím v bytovom dome

Uložené v:
Podrobná bibliografia
Hlavný autor: Pirochová, Lenka, 1986- (Autor)
Ďalší autori: Lulkovičová, Otília, 1950- (Vedúci práce)
Médium: Rukopis Kniha
Jazyk:Slovak
Vydavateľské údaje: Bratislava : STU v Bratislave SvF, 2013
Predmet:
On-line prístup:VAIS
Tagy: Pridať tag
Žiadne tagy, Buďte prvý, kto otaguje tento záznam!

MARC

LEADER 00000ntm a22000003a 4500
001 stu271284
005 20150617230230.5
008 130719s2013----xo------------------slo-d
040 |a STU  |b slo 
041 0 |a slo 
044 |a xo 
100 1 |a Pirochová, Lenka,  |d 1986-  |4 aut  |u V180  |U SvF Stavebná fakulta  |T SvF Katedra konštrukcií pozemných stavieb  |X 39337  |U V180  |Y 18  |7 A000039337 
242 0 0 |a bivalent solar energy system used all year round in an apartment house  |y eng 
245 1 |a Slnečný energetický bivalentný systém s celoročným využitím v bytovom dome 
260 |a Bratislava :  |b STU v Bratislave SvF,  |c 2013 
650 7 |a Building Services  |2 estusub 
650 7 |a energy  |2 estusub 
650 7 |a slnečné žiarenie  |2 stusub 
700 1 |a Lulkovičová, Otília,  |d 1950-  |4 ths  |u V290  |U SvF Stavebná fakulta  |T SvF Katedra technických zariadení budov  |X 808  |U V290  |Y 31  |7 A000000808 
856 4 |a info a plný text  |u http://is.stuba.sk/zp/portal_zp.pl?podrobnosti=84254  |3 VAIS